| 000 | 00973 a2200205 4500 | ||
|---|---|---|---|
| 003 | NUST | ||
| 005 | 20221226124848.0 | ||
| 010 | _a 78318970 | ||
| 020 | _a0850522366 : | ||
| 040 | _cNust | ||
| 082 | 0 | 0 | _a355.02,RIC |
| 100 | 1 |
_aRichardson, Frank M. _9105923 |
|
| 245 | 1 | 0 |
_aFighting spirit : _ba study of psychological factors in war / _cF. M. Richardson ; with a foreword by Sir Peter Hunt. |
| 260 |
_aLondon : _bCooper, _c1978. |
||
| 300 |
_axv, 189 p. ; _c24 cm. |
||
| 505 | _aMorale (Page-1), Comradeship (Page-6), Regimental Spirit (Page-14), Esprit De Nato (Page-23), Props (Page-40), Ancient and Modern (Page-49), The Psychiatric Casualty (Page-61), Prevention: Regimental Measures (Page-76), Prevention: Personnel Selection (Page-93), Prevention : Medical Measures (Page-104), Mental Training (Page-124), Fighting Spirant In the Nuclear Age (Page-140). | ||
| 650 | 0 |
_aMorale. _948632 |
|
| 650 | 0 |
_aPsychology, Military. _948633 |
|
| 942 |
_2ddc _cBK _k355.02,RIC |
||
| 999 |
_c185749 _d185749 |
||